000 00479 a2200169 4500
020 _a0534382169
040 _aDLC
100 1 _aBurden, Richard L.
245 1 0 _aNumerical analysis
_cRichard L. Burden, J. Douglas Faires.
250 _a5th ed.
260 _aAustralia ;
_aPacific Grove, CA :
_bBrooks/Cole,
_cc2001.
300 _axiii, 841 p. :
_bill. ;
_c24 cm. +
538 _a.
650 0 _aNumerical analysis.
700 1 _aFaires, J. Douglas.
942 _cBK
_k519.4 BUR
_2ddc
999 _c10663
_d10663